000 00502nam a2200181Ia 4500
008 170510s9999 xx 000 0 und d
100 _aJan Servaes
245 4 _aThe tools of social change: A critique of techno-centric development and activism
245 _cJan Servaes, Rolien Hoyng
260 _bSAGE
260 _c2017
300 _apages 255-271,February
440 _aNew Media & Society
_v19:2
650 _aActivism
650 _aICT4D
650 _aOrgnets
650 _aParticipation
999 _c329855
_d329855